书目信息 |
| 题名: |
四川羌寨碉房碉楼抗震性能研究
|
|
| 作者: | 陈臻林 , 胡瀟 , 高涌涛 , 谢莉 著 | |
| 分册: | ||
| 出版信息: | 北京 科学出版社 2025.03 |
|
| 页数: | 205页 | |
| 开本: | 26cm | |
| 丛书名: | ||
| 单 册: | ||
| 中图分类: | TU352.11 | |
| 科图分类: | ||
| 主题词: | 羌族--qiang zu--民居--抗震性能--研究--四川省 | |
| 电子资源: | ||
| ISBN: | 978-7-03-081353-4 | |
| 000 | 01426nam0 2200313 450 | |
| 001 | 91231 | |
| 005 | 20250816191244.26 | |
| 010 | @a978-7-03-081353-4@dCNY148.00 | |
| 099 | @aCAL 012025049665 | |
| 100 | @a20250519d2025 km y0chiy50 ea | |
| 101 | 0 | @achi |
| 102 | @aCN@b110000 | |
| 105 | @aak a 000yy | |
| 106 | @ar | |
| 200 | 1 | @a四川羌寨碉房碉楼抗震性能研究@Asi chuan qiang zhai diao fang diao lou kang zhen xing neng yan jiu@f陈臻林 ... [等] 著 |
| 210 | @a北京@c科学出版社@d2025.03 | |
| 215 | @a205页@c彩图@d26cm | |
| 304 | @a题名页题其余责任者: 胡瀟, 高涌涛, 谢莉 | |
| 314 | @a陈臻林, 成都理工大学, 环境与土木工程学院副院长 (教授) 。 | |
| 320 | @a有书目 (第203-205页) | |
| 330 | @a本书对四川省理县桃坪羌寨碉房碉楼的抗震性能进行调查研究, 首先对碉房碉楼进行抗震性能分析, 讨论羌族建筑的概念设计, 包括收分、鱼脊线、过江石等因素对结构多遇地震与罕遇地震作用下抗震性能的影响 ; 然后对碉楼中的窗洞口大小、排列、形状进行抗震性能讨论 ; 其次还讨论了不同加固方式对碉房抗震性能的影响, 最终得到最优加固方案 ; 最后对羌寨毛石砌体结构的黏结剂 —— 黄泥进行各种试验改性研究与微观分析, 得到黄泥的统一受压本构关系。 | |
| 606 | 0 | @a羌族@Aqiang zu@x民居@x抗震性能@x研究@y四川省 |
| 690 | @aTU352.11@v5 | |
| 701 | 0 | @a陈臻林@Achen zhen lin@4著 |
| 701 | 0 | @a胡瀟@Ahu xiao@4著 |
| 701 | 0 | @a高涌涛@Agao yong tao@4著 |
| 701 | 0 | @a谢莉@Axie li@4著 |
| 801 | 0 | @aCN@c20250909 |
| 905 | @a河南城建学院图书馆@dTU352.11@eC650@f1 | |
| 四川羌寨碉房碉楼抗震性能研究/陈臻林 ... [等] 著.-北京:科学出版社,2025.03 |
| 205页:彩图;26cm |
| ISBN 978-7-03-081353-4:CNY148.00 |
| 本书对四川省理县桃坪羌寨碉房碉楼的抗震性能进行调查研究, 首先对碉房碉楼进行抗震性能分析, 讨论羌族建筑的概念设计, 包括收分、鱼脊线、过江石等因素对结构多遇地震与罕遇地震作用下抗震性能的影响 ; 然后对碉楼中的窗洞口大小、排列、形状进行抗震性能讨论 ; 其次还讨论了不同加固方式对碉房抗震性能的影响, 最终得到最优加固方案 ; 最后对羌寨毛石砌体结构的黏结剂 —— 黄泥进行各种试验改性研究与微观分析, 得到黄泥的统一受压本构关系。 |
| ● |
| 相关链接 |
|
|
|
正题名:四川羌寨碉房碉楼抗震性能研究
索取号:TU352.11/C650
 
预约/预借
| 序号 | 登录号 | 条形码 | 馆藏地/架位号 | 状态 | 备注 |
| 1 | 1625193 | 216251936 | 建筑库101/101建筑库 83排3列1层/ [索取号:TU352.11/C650] | 在馆 |